00874nam a2200217 a 450000100060000000300080000600500170001400800410003103500190007204000230009104100080011408200210012224501970014326000420034030000270038265000270040970000400043694200120047699900170048895201510050554117BD-RjUL20211209080056.0161102s1947 nyu 000 0 eng  a(BD-RjUL)54239 aDLCcDLCdDLCbeng aeng a823.08bTRE 194712aA treasury of short stories :bfavorites of the past hundred years from Turgenev to Thurber, from Balzac to Hemingway; with biographical sketches of the authors /cEdited by Bernardine Kielty. aNew York :bSimon and Schuster,c1947 axiii, 849 p. ;c22 cm. 0aShort stories.9161572 aKielty, Bernardine, Editor 9161573 2ddccBK c54117d54117 00102ddc40708NFICaRUCLbRUCLcStackd1968-07-04eBook corporation, Daccag30.00l0o823.08 TRE 1947r2016-11-02 00:00:00tC-2w2021-12-09yBK